| 000 | 00387nam a22001337a 4500 | ||
|---|---|---|---|
| 082 |
_a669 _bJOH _cP-38 |
||
| 100 |
_aF. Johnson, D.Sc. _944907 |
||
| 245 |
_aMetallurgical Experiments _b(Non-Ferrous Metals Iron and Steel) |
||
| 260 |
_aLondon _bPaul Elec (Publishers) ltd _c1944 |
||
| 300 | _a80 p, : | ||
| 526 |
_a0 _b0 _c0 _d669_000000000000000_JOH |
||
| 650 |
_aMCE _9379 |
||
| 942 |
_2ddc _cBK |
||
| 999 |
_c548561 _d548561 |
||